LEADER 01166dam2-2200385li-450 001 990000233090203316 005 20170531144926.0 035 $a0023309 035 $aUSA010023309 035 $a(ALEPH)000023309USA01 035 $a0023309 100 $a20001109d1982----km-y0itay0103----ba 101 0 $aita 102 $aIT 200 1 $a<> progettazione di basi di dati$fStefano Ceri 210 $aMilano$cClup$d1982 215 $a106 p.$cill.$d24 cm. 225 2 $aSerie di informatica$v2 315 $aaltro genere 410 0$10010023310$12001$aSerie di informatica 610 1 $aArchivi di dati$aProgettazione 676 $a00574$9Archivi di dati e basi di dati 700 1$aCERI,$bStefano$03158 801 $aSistema bibliotecario di Ateneo dell' Università di Salerno$gRICA 912 $a990000233090203316 951 $a001.6 SI 2 (A)$b0006772 959 $aBK 969 $aSCI 979 $c19900313 979 $c20001110$lUSA01$h1714 979 $aPATTY$b90$c20010601$lUSA01$h1254 979 $c20020403$lUSA01$h1631 979 $aPATRY$b90$c20040406$lUSA01$h1617 996 $aProgettazione di basi di dati$9106467 997 $aUNISA LEADER 01885nam0 2200385 i 450 001 SUN0041184 005 20170926120137.795 010 $a88-339-5586-9$d0.00 010 $a978-88-339-5586-5 100 $a20060224d1997 |0itac50 ba 101 $aita 102 $aIT 105 $a|||| ||||| 200 1 $aAlgebra$fMichael Artin 205 $aTorino : Bollati Boringhieri$b1997 210 $aXIII$d717 p. ; 24 cm 215 $aTrad. di Paolo Maroscia. 410 1$1001SUN0031866$12001 $aProgramma di matematica, fisica, elettronica$1210 $aTorino$cBollati Boringhieri. 454 1$1001SUN0079179$12001 $aAlgebra$9328356 606 $a14-XX$xAlgebraic geometry [MSC 2020]$2MF$3SUNC019702 606 $a20-XX$xGroup theory and generalizations [MSC 2020]$2MF$3SUNC019715 606 $a12-XX$xField theory and polynomials [MSC 2020]$2MF$3SUNC019746 606 $a15-XX$xLinear and multilinear algebra; matrix theory [MSC 2020]$2MF$3SUNC020607 606 $a00A05$xMathematics in general [MSC 2020]$2MF$3SUNC021796 606 $a00-XX$xGeneral and overarching topics; collections [MSC 2020]$2MF$3SUNC025238 620 $dTorino$3SUNL000001 700 1$aArtin$b, Michael$3SUNV020647$023251 712 $aBollati Boringhieri$3SUNV000104$4650 801 $aIT$bSOL$c20210503$gRICA 912 $aSUN0041184 950 $aUFFICIO DI BIBLIOTECA DEL DIPARTIMENTO DI MATEMATICA E FISICA$d08PREST 13-XX 0163 $e08 4379 I a 20061213 950 $aUFFICIO DI BIBLIOTECA DEL DIPARTIMENTO DI MATEMATICA E FISICA$d08PREST 13-XX 0163 $e08VS 4553 I b 20060516 950 $aUFFICIO DI BIBLIOTECA DEL DIPARTIMENTO DI INGEGNERIA$d05CONS D IV 051 $e05 1509 20060224 996 $aAlgebra$9328356 997 $aUNICAMPANIA LEADER 01745nam a22003011i 4500 001 991002166879707536 005 20040211103137.0 008 040407s1973 it a||||||||||||||||ita 035 $ab12880954-39ule_inst 035 $aARCHE-086057$9ExL 040 $aDip.to Scienze Storiche$bita$cA.t.i. Arché s.c.r.l. Pandora Sicilia s.r.l. 082 04$a631.4 110 2 $aEnte per lo sviluppo dell'irrigazione e la trasformazione fondiaria in Puglia e Lucania $0316951 245 10$aIndividuazione e classificazione dei territori suscettibili di conveniente valorizzazione irrigua ricadenti in Puglia, Lucania ed Irpinia :$bDM n. 860 /$cEnte per lo sviluppo dell'irrigazione e la trasformazione fondiaria in Puglia e in Lucania ; redatta dal Servizio agrario a cura del dr. agr. Nicola Ficco con la collaborazione del p.a. Vincenzo Vergallo 260 $aBari :$bArti grafiche Favia,$c[1973?] 300 $a203 p. :$bill. ;$c27 cm +$e8 c. geogr. 500 $aIn testa al front. : Ente per lo sviluppo dell'irrigazione e la trasformazione fondiaria in Puglia e Lucania, Bari 650 4$aTerreno agrario$xClassificazione$zIrpinia 650 4$aTerreno agrario$xClassificazione$zLucania 650 4$aTerreno agrario$xClassificazione$zPuglia 700 1 $aFicco, Nicola 700 1 $aVergallo, Vincenzo 907 $a.b12880954$b02-04-14$c16-04-04 912 $a991002166879707536 945 $aLE009 GEOG.14.434-53$g1$i2009000327764$lle009$o-$pE0.00$q-$rn$so $t0$u1$v0$w1$x0$y.i13443197$z16-04-04 996 $aIndividuazione e classificazione dei territori suscettibili di conveniente valorizzazione irrigua ricadenti in Puglia, Lucania ed Irpinia$9301511 997 $aUNISALENTO 998 $ale009$b16-04-04$cm$da $e-$fita$git $h0$i1